000 00746nam a2200241Ia 4500
003 GCL
008 140319s9999 xx 000 0 ara d
040 _aGCL /
_cGCL
082 0 4 _a780.9
_bد م
100 1 _aدرية فهمى
245 1 0 _aالمعارك الموسيقية /
_cدرية فهمى
260 _a[S.N] :
_bالهيئة المصرية العامة للكتاب ،
_c1983
300 _a210 ص
490 _a
650 0 4 _aالعصر الحديث
650 0 4 _aالموسيقى
650 0 4 _aالعصر الكلاسيكى
650 0 4 _aالعصر الرومانتيكى
650 0 4 _aتاريخ ونقد
650 0 4 _aالموسيقيون - تراجم
650 0 4 _aعصر النهضة (1300 - 1494)
942 _2ddc
_cBK
999 _c58940
_d58940